00346 a2200145 450000100060000002000150000604000240002110000130004524000380005824500330009630000080012936200090013744000230014665000310016969807 a8576666189 cAnchieta - Itaigara aÍndigo10aO segredo do vô Juvênciolpor10aO segredo do vô Juvêncio a1120 a2006 1aEscala Educacional 4aLiteratura infanto-juvenil